Ảnh hưởng của lửa tới diễn thế của thảm thực bì dưới tán rừng thông ba lá (Pinus kesiya Royle Ex Gordon) trồng trong giai đoạn non trên đất hạng tốt ở cao nguyên Lang Biang, Lâm Đồng : Luận văn Thạc sĩ Sinh thái học /

Αποθηκεύτηκε σε:
Λεπτομέρειες βιβλιογραφικής εγγραφής
Κύριος συγγραφέας: Nguyễn Văn Tuyển.
Άλλοι συγγραφείς: Phó Đức Đỉnh, TS. (hướng dẫn.)
Μορφή: Thesis
Γλώσσα:Vietnamese
Έκδοση: Đà Lạt : Trường Đại học Đà Lạt, 2016.
Θέματα:
Ετικέτες: Προσθήκη ετικέτας
Δεν υπάρχουν, Καταχωρήστε ετικέτα πρώτοι!
Thư viện lưu trữ: Thư viện Trường Đại học Đà Lạt
LEADER 01234nam a2200301 4500
001 DLU170181670
005 ##20171106
040 # # |a DLU  |b vie 
041 # # |a vie 
044 # # |a vn 
082 # # |a 634.975 1  |b NG-T 
100 # # |a Nguyễn Văn Tuyển. 
245 # # |a Ảnh hưởng của lửa tới diễn thế của thảm thực bì dưới tán rừng thông ba lá (Pinus kesiya Royle Ex Gordon) trồng trong giai đoạn non trên đất hạng tốt ở cao nguyên Lang Biang, Lâm Đồng :  |b Luận văn Thạc sĩ Sinh thái học /  |c Nguyễn Văn Tuyển; Phó Đức Đỉnh hướng dẫn. 
260 # # |a Đà Lạt :  |b Trường Đại học Đà Lạt,  |c 2016. 
300 # # |a 71 tr. :  |b minh hoạ ;  |c 29 cm. +  |e 16 tr. phụ lục. 
504 # # |a Tài liệu tham khảo: tr. 68-71. 
650 # # |a Thông ba lá  |x Sinh thái học  |z Lâm Đồng. 
700 # # |a Phó Đức Đỉnh,  |c TS.  |e hướng dẫn. 
915 # # |a Sinh thái học  |b 60420120  |c Thạc sĩ  |d Trường Đại học Đà Lạt  |e Bộ Giáo dục và Đào tạo. 
992 # # |a 0 
994 # # |a DLU 
900 # # |a True 
911 # # |a Nguyễn Thanh Hương 
925 # # |a G 
926 # # |a A 
927 # # |a LA 
980 # # |a Thư viện Trường Đại học Đà Lạt